00507nam a22001577a 450000500170000001000170001702000260003403500170006003700210007708200110009824500790010926000380018827000790022630000240030550000200032920100802103822.0 aB-406791-802 a9788124604618c550.00 aB-406791-802 bD.K. Printworld  a230.35 aThe voice of women:bGargi to Gangasati /cedited by Avadhesh Kumar Singh  aNew DelhibD.K. Printworld c2008 aSri Kunj, F-52, Bali Nagar, Ramesh Nagar Metro StationbNew Delhi e110015 ax, 314p.c23cm(Hb)  aIncludes index